LDR 01050naa#a2200241#i#450# 001 EN\\bibl\106817 005 20260516143854.6 011 ## _a2074-8183 100 ## _a20260331b2026####ek#y0engy0150####ca 102 ## _aRU 200 1# _aTHE IMPACT OF THE ABSENCE OF PROPER PROCEDURAL REGULATION OF AN INTERPRETER'S PARTICIPATION ON THE FINAL DECISION-MAKING IN A CRIMINAL CASE _eJournal article 210 1# _aVolgograd _cVolgograd Academy of the Ministry of Internal Affairs of Russia _d2026 215 ## _a7 с. 606 ## _aЮриспруденция. 40.00.00 _2local 608 ## _aJournal article _2local 675 ## _aСтороны. Иски. 343.12 _z 686 ## _aОБЩЕСТВЕННЫЕ НАУКИ. 6 _2bbk 686 ## _aОБЩЕСТВЕННЫЕ НАУКИ. ЭКОНОМИКА. ПРАВО.. 7 _2tbk 686 ## _aГОСУДАРСТВО И ПРАВО. ЮРИДИЧЕСКИЕ НАУКИ. 10.00 _2grnti 700 #1 _aPopova _gLyudmila Vladimirovna 700 #1 _aVologina _gElena Vil'gel'movna 700 #1 _aCvetkov _gSergey Borisovich 856 4# _ava-mvd.editorum.ru _u